000 00733nam a22002297a 4500
003 BUBTL
008 231116b ||||| |||| 00| 0 eng d
020 _a034070621
041 _aeng
082 _a418.0071/ M1471a/ 2002
100 _aMcDonough, Steven
_95577
245 _aApplied Linguistics in Language Education/
_cSteven McDonough
260 _aNew York :
_bOxford University Press,
_cc2002
300 _aix, 178 p. :
_c22 cm.
500 _aIncludes Index and Bibliography
505 _aApplied Linguistics in Language Education, Steven McDonough, English Language
526 _aEnglish Language
650 0 _9194
_aEnglish Language
856 _k0
_l0
_yDownload
942 _2ddc
_cBK
999 _c7139
_d7139